| 000 | 01238cam a2200313 4500 | ||
|---|---|---|---|
| 001 | J117073 | ||
| 008 | 020311n2002 000 0 eng u | ||
| 035 | _a(Sirsi) u117073 | ||
| 050 |
_a692.8 _c18 |
||
| 110 |
_aJoint Contracts Tribunal _93664 |
||
| 240 | _aTC/T : Parts 1 and 2 | ||
| 245 | _aStandard form of trade contract tender for use with the JCT construction management agreement | ||
| 260 |
_aLondon _bRIBA _c2002 |
||
| 300 |
_a11p. _c30cm. |
||
| 350 | _a20 | ||
| 490 | _aJCT Construction Management Documentation | ||
| 490 | _aJCT Standard Form of Trade Contract Tender for use with the JCT Construction Management Agreement | ||
| 520 | _aComprise of two sections: "Part 1 : invitation to tender to a trade contractor" and "Part 2 : tender by a trade contractor". | ||
| 650 | _aCM02 | ||
| 650 | _aBUILT ENVIRONMENT-BUILDING CONTRACT FORMS | ||
| 650 |
_aCONSTRUCTION MANAGEMENT _96230 |
||
| 650 | _aCONSTRUCTION MANAGEMENT DOCUMENTATION | ||
| 650 | _aBUILT ENVIRONMENT-BUILDING CONTRACT FORMS-STANDARD FORMS OF BUILDING CONTRACT-JOINT CONTRACTS TRIBNUAL CONTRACTS | ||
| 650 | _aTC/T | ||
| 650 | _aTC/T PART 1 | ||
| 650 | _aTC/T PART 2 | ||
| 690 | _aBUILT ENVIRONMENT-BUILDING CONTRACT FORMS | ||
| 942 | _n0 | ||
| 999 |
_c101934 _d101934 |
||